[Event "Mittelfr. EM 2026 - Hauptturnier"]
[Site "Nuernberg"]
[Date "2026.05.25"]
[Round "6.2"]
[White "Rosenboom, Niko"]
[Black "Link, Andreas"]
[Result "1/2-1/2"]
[WhiteElo "2045"]
[BlackElo "2036"]
[PlyCount "52"]
[EventDate "2026.05.22"]
[WhiteTeam "SGem 1882 Fuerth"]
[BlackTeam "Spvg Zabo-Eintracht Nuernberg e.V"]

1. e4 c5 2. Nf3 e6 3. d4 cxd4 4. Nxd4 Nf6 5. Nc3 Nc6 6. a3 a6 7. Be2 Qc7 8. Be3
d6 9. f4 Be7 10. O-O Bd7 11. Kh1 Rc8 12. Qe1 O-O 13. Qg3 Kh8 14. Rae1 g6 15.
Nxc6 Bxc6 16. Bd4 Kg8 17. Bd3 Nh5 18. Qf2 e5 19. Bb6 Qd7 20. f5 Bg5 21. Be3
Bxe3 22. Qxe3 Kg7 23. Be2 Nf6 24. Rf3 h6 25. fxg6 fxg6 26. Ref1 Ng4 1/2-1/2

[Event "Mittelfr. EM 2026 - Hauptturnier"]
[Site "Nuernberg"]
[Date "2026.05.25"]
[Round "6.3"]
[White "Saathoff, Richard"]
[Black "Ratushnyi, Viktor"]
[Result "0-1"]
[WhiteElo "2131"]
[BlackElo "2111"]
[PlyCount "54"]
[EventDate "2026.05.22"]
[WhiteTeam "SC Schwarz-Weiss Nuernberg Sued e.V"]
[BlackTeam "SC Schwarz-Weiss Nuernberg Sued e.V"]

1. e4 e6 2. d4 d5 3. Nc3 Nf6 4. Bg5 h6 5. Bxf6 Qxf6 6. exd5 Bb4 7. Bc4 O-O 8.
Nge2 exd5 9. Bxd5 Rd8 10. O-O Bxc3 11. Nxc3 Nc6 12. Bxc6 bxc6 13. d5 Be6 14.
Qe2 cxd5 15. Na4 Rab8 16. b3 Bd7 17. Nc5 Bb5 18. c4 dxc4 19. bxc4 Bc6 20. Nb3
Re8 21. Qg4 Re4 22. Qg3 Rbe8 23. f3 Re2 24. Rae1 Qc3 25. Rxe2 Rxe2 26. h4 Rxa2
27. Nc1 Rc2 0-1

[Event "Mittelfr. EM 2026 - Hauptturnier"]
[Site "Nuernberg"]
[Date "2026.05.25"]
[Round "6.4"]
[White "Lemba, Albert"]
[Black "Ammon, Tobias"]
[Result "1-0"]
[WhiteElo "1980"]
[BlackElo "2207"]
[PlyCount "79"]
[EventDate "2026.05.22"]
[WhiteTeam "SC Noris-Tarrasch Nuernberg 1873"]
[BlackTeam "SV Altensittenbach"]

1. e4 c6 2. d4 d5 3. exd5 cxd5 4. Bd3 Nc6 5. c3 Qc7 6. h3 g6 7. Nf3 Bf5 8. Be2
e6 9. Be3 h5 10. Nbd2 Nf6 11. Ne5 Bd6 12. f4 Ne4 13. Nxe4 Bxe4 14. Bf3 Bxf3 15.
Qxf3 h4 16. O-O Ne7 17. Rac1 b5 18. b3 Bxe5 19. fxe5 Nf5 20. Bg5 Rc8 21. Qd3 a6
22. Rc2 Qb6 23. Kh2 Kd7 24. c4 bxc4 25. bxc4 dxc4 26. Qa3 Rhe8 27. Rb2 Qc6 28.
Rfb1 c3 29. Rb6 c2 30. Rxc6 cxb1=Q 31. Rd6+ Kc7 32. Qa5+ Kb8 33. Rb6+ Qxb6 34.
Qxb6+ Ka8 35. Qxa6+ Kb8 36. a4 Rf8 37. d5 exd5 38. e6 Kc7 39. Bf4+ Kd8 40. Qb7
1-0

[Event "Mittelfr. EM 2026 - Hauptturnier"]
[Site "Nuernberg"]
[Date "2026.05.25"]
[Round "6.5"]
[White "Meulner, Klaus"]
[Black "Heller, Benedikt"]
[Result "1/2-1/2"]
[WhiteElo "1966"]
[BlackElo "2039"]
[PlyCount "55"]
[EventDate "2026.05.22"]
[WhiteTeam "SC Schwarz-Weiss Nuernberg Sued e.V"]
[BlackTeam "SC Bechhofen 1923 e.V."]

1. e4 c5 2. Nf3 Nc6 3. Bb5 g6 4. O-O Bg7 5. c3 Nf6 6. Re1 O-O 7. h3 d5 8. e5
Ne8 9. d4 c4 10. Ba4 Bf5 11. Nh4 Bd3 12. Nd2 Nc7 13. f4 f5 14. exf6 exf6 15.
Nf1 Re8 16. Be3 Qd6 17. Bc2 Bxc2 18. Qxc2 Re7 19. Qf2 Bh6 20. Bd2 Rae8 21. Rxe7
Rxe7 22. Nh2 f5 23. g4 Re4 24. g5 Bg7 25. N4f3 Ne6 26. Ne5 Nxe5 27. fxe5 Qe7
28. Nf3 1/2-1/2

[Event "Mittelfr. EM 2026 - Hauptturnier"]
[Site "Nuernberg"]
[Date "2026.05.25"]
[Round "6.6"]
[White "Koenig, Oliver"]
[Black "Erlbeck, Peter"]
[Result "1-0"]
[WhiteElo "1881"]
[BlackElo "1994"]
[PlyCount "60"]
[EventDate "2026.05.22"]
[WhiteTeam "SGem 1882 Fuerth"]
[BlackTeam "SC Schwarz-Weiss Nuernberg Sued e.V"]

1. d4 f5 2. Nc3 Nf6 3. Bf4 d6 4. e3 c6 5. Bc4 b5 6. Bb3 a5 7. a3 a4 8. Ba2 Qa5
9. Nge2 Na6 10. O-O g6 11. f3 Bg7 12. e4 Nh5 13. Be3 Nc7 14. Qd2 b4 15. axb4
Qxb4 16. Rab1 f4 17. Bf2 Ba6 18. Rfd1 g5 19. Nc1 Rb8 20. Nd3 Bxd3 21. Qxd3 Nf6
22. e5 Nfd5 23. exd6 Qxd6 24. Ne4 Qg6 25. c3 g4 26. Kh1 h5 27. Bh4 Ne3 28. Nf6+
Qxf6 29. Bxf6 Bxf6 30. Re1 Ncd5 1-0

[Event "Mittelfr. EM 2026 - Hauptturnier"]
[Site "Nuernberg"]
[Date "2026.05.25"]
[Round "6.7"]
[White "Himonakis, Michael"]
[Black "Levent, Abdullah"]
[Result "0-1"]
[WhiteElo "1930"]
[BlackElo "1836"]
[PlyCount "147"]
[EventDate "2026.05.22"]
[WhiteTeam "SC Noris-Tarrasch Nuernberg 1873"]
[BlackTeam "SC Noris-Tarrasch Nuernberg 1873"]

1. e4 c6 2. d4 d5 3. e5 c5 4. dxc5 e6 5. a3 Bxc5 6. Nf3 Nc6 7. b4 Bb6 8. Bb2
Nge7 9. Bd3 a6 10. O-O Ng6 11. Re1 Bd7 12. c4 Nf4 13. Nc3 Nxd3 14. Qxd3 dxc4
15. Qxc4 Rc8 16. Qg4 O-O 17. Ne4 Ne7 18. Nf6+ Kh8 19. Nxh7 Rc2 20. Qh5 Bxf2+
21. Kh1 g6 22. Qh6 Nf5 23. Qxf8+ Qxf8 24. Nxf8 Bc6 25. Reb1 Kg7 26. Nxe6+ fxe6
27. a4 Kh6 28. Bc1+ Be3 29. Ne1 Rf2 30. Bxe3+ Nxe3 31. h3 Nxg2 32. Kg1 Re2 33.
Nxg2 Rxg2+ 34. Kf1 Rh2 35. b5 axb5 36. axb5 Bd5 37. Rc1 Kg5 38. Re1 Rxh3 39.
Kf2 Kf5 40. Rad1 Rh2+ 41. Kg3 Rg2+ 42. Kh3 Rc2 43. Rd4 Rc3+ 44. Kh2 g5 45. b6
g4 46. Rxd5 exd5 47. e6 Rc8 48. e7 Re8 49. Kg3 d4 50. Re2 d3 51. Re3 d2 52. Rd3
Rxe7 53. Rxd2 Re3+ 54. Kf2 Rb3 55. Rd6 Ke4 56. Rg6 Kf4 57. Rf6+ Kg5 58. Rd6
Rf3+ 59. Kg2 Rf6 60. Rd5+ Kh4 61. Rb5 Rc6 62. Rb2 Rc3 63. Kh2 Rc4 64. Kg2 g3
65. Rb5 Rc2+ 66. Kf1 Kg4 67. Rd5 Rc6 68. Rb5 Rh6 69. Kg2 Rh2+ 70. Kg1 Rh5 71.
Rb2 Kh3 72. Kh1 Rc5 73. Rh2+ Kg4 74. Rh7 0-1

[Event "Mittelfr. EM 2026 - Hauptturnier"]
[Site "Nuernberg"]
[Date "2026.05.25"]
[Round "6.8"]
[White "Mueller, Tim"]
[Black "Papst, Arthur"]
[Result "1/2-1/2"]
[WhiteElo "1754"]
[BlackElo "1932"]
[PlyCount "69"]
[EventDate "2026.05.22"]
[WhiteTeam "SC Noris-Tarrasch Nuernberg 1873"]
[BlackTeam "SK Nuernberg 1911 e.V."]

1. e4 c5 2. Be2 Nc6 3. f4 d6 4. d3 g6 5. Nf3 Bg7 6. c3 e5 7. fxe5 dxe5 8. Be3
Qe7 9. O-O Nh6 10. h3 f6 11. a3 O-O 12. Qb3+ Nf7 13. Qb5 b6 14. Qxc6 Bd7 15.
Qb7 Nd6 16. Bxc5 bxc5 17. Qd5+ Nf7 18. b4 Rfc8 19. Qb3 Be6 20. Qb2 Nd6 21. bxc5
Rxc5 22. d4 Rc7 23. Nbd2 Rac8 24. Rfc1 Bf7 25. dxe5 fxe5 26. Ba6 Rd8 27. c4 Bh6
28. c5 Rxc5 29. Rxc5 Be3+ 30. Kh1 Bxc5 31. Nxe5 Nxe4 32. Nxe4 Bd4 33. Nc6 Qxe4
34. Nxd4 Qxd4 35. Qxd4 1/2-1/2

[Event "Mittelfr. EM 2026 - Hauptturnier"]
[Site "Nuernberg"]
[Date "2026.05.25"]
[Round "6.9"]
[White "Assem Gawdat Azmy, Mostafa"]
[Black "Dachs, Simon"]
[Result "0-1"]
[WhiteElo "1799"]
[BlackElo "1707"]
[PlyCount "118"]
[EventDate "2026.05.22"]
[WhiteTeam "SC Erlangen 48/88"]
[BlackTeam "SC Hersbruck"]

1. e4 e6 2. d3 d5 3. Nd2 Nf6 4. e5 Nfd7 5. f4 c5 6. Ngf3 Nc6 7. g3 Be7 8. Bg2
b5 9. a4 b4 10. b3 a5 11. Bb2 Qb6 12. Qe2 Ba6 13. O-O-O O-O-O 14. f5 Kb8 15. h4
Rc8 16. Kb1 Rc7 17. Bf1 Rhc8 18. g4 Nd8 19. Qh2 Bb7 20. f6 gxf6 21. exf6 Bxf6
22. Ne5 Bxe5 23. Bxe5 Nxe5 24. Qxe5 Nc6 25. Qh5 Nd4 26. Qxh7 f5 27. Qg6 fxg4
28. Qxg4 Nf5 29. Re1 Qd6 30. Qg6 Nd4 31. Bh3 Qf4 32. Qg5 Qxg5 33. hxg5 Rg8 34.
Re5 Rcg7 35. Rg1 Bc8 36. Kb2 Kc7 37. Rf1 Kd6 38. Re3 Rxg5 39. Rf7 Bd7 40. Nf1
R5g7 41. Rf6 Rg1 42. Rf7 R8g2 43. Bxg2 Rxg2 44. Rh3 Rxc2+ 45. Kb1 Rc3 46. Nd2
Nxb3 47. Nxb3 Rxb3+ 48. Kc2 Bxa4 49. Ra7 c4 50. Ra6+ Bc6 51. Rxa5 Rc3+ 52. Kd2
d4 53. Rah5 b3 54. dxc4 b2 55. c5+ Rxc5 56. Rxc5 b1=Q 57. Rc1 Qb4+ 58. Kd1 Ba4+
59. Ke2 Qb2+ 0-1

[Event "Mittelfr. EM 2026 - Hauptturnier"]
[Site "Nuernberg"]
[Date "2026.05.25"]
[Round "6.10"]
[White "Mitin, Maximilian"]
[Black "Vennemann, Juergen"]
[Result "0-1"]
[WhiteElo "1698"]
[BlackElo "1863"]
[PlyCount "120"]
[EventDate "2026.05.22"]
[WhiteTeam "SG Buechenbach/Roth e.V."]
[BlackTeam "SC Hersbruck"]

1. e4 d6 2. d4 Nf6 3. Nc3 e5 4. dxe5 dxe5 5. Qxd8+ Kxd8 6. Bg5 Be6 7. O-O-O+
Nbd7 8. Nf3 Kc8 9. Bb5 c6 10. Bxf6 gxf6 11. Be2 b5 12. a3 a5 13. Nd2 b4 14.
Ncb1 Bh6 15. b3 Nc5 16. Kb2 Kc7 17. f3 Rhb8 18. a4 Be3 19. Nc4 Bd4+ 20. Ka2 f5
21. f4 f6 22. fxe5 fxe5 23. exf5 Bxf5 24. Bd3 Be6 25. Nbd2 Nxd3 26. cxd3 Bf5
27. Nf3 Bc3 28. Nfxe5 Re8 29. Rhf1 Bg6 30. Nxg6 Re2+ 31. Kb1 hxg6 32. Rf7+ Kd8
33. Rf8+ Re8 34. Rdf1 Bg7 35. Rxe8+ Kxe8 36. Re1+ Kf8 37. Re6 Bc3 38. Rxg6 Re8
39. Nxa5 Re1+ 40. Kc2 Re2+ 41. Kd1 Rd2+ 42. Kc1 Kf7 43. Rg3 c5 44. Nb7 Re2 45.
Rf3+ Ke6 46. Nxc5+ Kd5 47. Rf5+ Kd4 48. Rf4+ Kxc5 49. Re4 Rxg2 50. h4 Rh2 51.
Rc4+ Kd5 52. Rg4 Rb2 53. h5 Rxb3 54. h6 Ra3 55. Kc2 Ra2+ 56. Kb1 Rh2 57. Rg5+
Kd4 58. Rg6 b3 59. Rg1 Ra2 60. Rg4+ Kd5 0-1

[Event "Mittelfr. EM 2026 - Hauptturnier"]
[Site "Nuernberg"]
[Date "2026.05.25"]
[Round "7.2"]
[White "Lemba, Albert"]
[Black "Rosenboom, Niko"]
[Result "1-0"]
[WhiteElo "1980"]
[BlackElo "2045"]
[PlyCount "85"]
[EventDate "2026.05.22"]
[WhiteTeam "SC Noris-Tarrasch Nuernberg 1873"]
[BlackTeam "SGem 1882 Fuerth"]

1. e4 c5 2. Nf3 d6 3. Bb5+ Bd7 4. Bxd7+ Nxd7 5. O-O Ngf6 6. Re1 e6 7. b3 Be7 8.
Bb2 O-O 9. c4 a6 10. d4 cxd4 11. Nxd4 Re8 12. Nc3 Ne5 13. f4 Nc6 14. Nxc6 bxc6
15. e5 dxe5 16. fxe5 Qxd1 17. Rexd1 Ng4 18. Ne4 Red8 19. Re1 h5 20. h3 Nh6 21.
Red1 Nf5 22. Kf2 Rxd1 23. Rxd1 Rd8 24. Rxd8+ Bxd8 25. g4 hxg4 26. hxg4 Ne7 27.
Kf3 Ng6 28. Nc5 a5 29. Ke4 Kh7 30. Nb7 Bc7 31. Bc3 Kh6 32. Nxa5 Nxe5 33. Bxe5
Bxa5 34. Bd6 Kg5 35. b4 Bd8 36. a4 Kxg4 37. a5 f5+ 38. Ke3 e5 39. a6 f4+ 40.
Ke2 f3+ 41. Kf1 e4 42. Bc5 Kf4 43. a7 1-0

[Event "Mittelfr. EM 2026 - Hauptturnier"]
[Site "Nuernberg"]
[Date "2026.05.25"]
[Round "7.3"]
[White "Link, Andreas"]
[Black "Atal, Parsa"]
[Result "1/2-1/2"]
[WhiteElo "2036"]
[BlackElo "1837"]
[PlyCount "51"]
[EventDate "2026.05.22"]
[WhiteTeam "Spvg Zabo-Eintracht Nuernberg e.V"]
[BlackTeam "SC Noris-Tarrasch Nuernberg 1873"]

1. d4 d5 2. Nf3 Nf6 3. c4 e6 4. Nc3 Be7 5. Bg5 Nbd7 6. e3 a6 7. Bd3 dxc4 8.
Bxc4 b5 9. Bd3 Bb7 10. O-O O-O 11. Rc1 Rc8 12. Bb1 h6 13. Bh4 c5 14. dxc5 Rxc5
15. Nd4 Qb6 16. Qe2 Ne5 17. f4 Nc4 18. Bf2 Rcc8 19. e4 Bc5 20. e5 Bxd4 21. exf6
Bxf2+ 22. Rxf2 Qd4 23. fxg7 Qxg7 24. Ne4 Bxe4 25. Bxe4 Nd6 26. Re1 1/2-1/2

[Event "Mittelfr. EM 2026 - Hauptturnier"]
[Site "Nuernberg"]
[Date "2026.05.25"]
[Round "7.4"]
[White "Heller, Benedikt"]
[Black "Koenig, Oliver"]
[Result "1-0"]
[WhiteElo "2039"]
[BlackElo "1881"]
[PlyCount "69"]
[EventDate "2026.05.22"]
[WhiteTeam "SC Bechhofen 1923 e.V."]
[BlackTeam "SGem 1882 Fuerth"]

1. e4 Nc6 2. Nf3 d6 3. d4 Nf6 4. Nc3 g6 5. Be2 Bg7 6. O-O O-O 7. d5 Nb8 8. Be3
a6 9. a4 a5 10. Qd2 e5 11. dxe6 fxe6 12. Bc4 Ng4 13. Bd4 Nc6 14. Bxg7 Kxg7 15.
h3 Nge5 16. Nxe5 dxe5 17. Qxd8 Nxd8 18. Rad1 b6 19. Nb5 Bb7 20. Nxc7 Rc8 21.
Nxe6+ Nxe6 22. Bxe6 Rc7 23. f3 Ba6 24. Rf2 Rf6 25. Bd5 Rc5 26. Rfd2 b5 27. Bb3
bxa4 28. Bxa4 Bc4 29. b3 Bf7 30. c4 Rb6 31. Rd7 Kf8 32. Ra7 Rb8 33. Rdd7 Bg8
34. Kf2 h5 35. Ke3 1-0

[Event "Mittelfr. EM 2026 - Hauptturnier"]
[Site "Nuernberg"]
[Date "2026.05.25"]
[Round "7.5"]
[White "Levent, Abdullah"]
[Black "Meulner, Klaus"]
[Result "0-1"]
[WhiteElo "1836"]
[BlackElo "1966"]
[PlyCount "102"]
[EventDate "2026.05.22"]
[WhiteTeam "SC Noris-Tarrasch Nuernberg 1873"]
[BlackTeam "SC Schwarz-Weiss Nuernberg Sued e.V"]

1. e4 c5 2. Nf3 e6 3. c3 Nf6 4. e5 Nd5 5. d4 cxd4 6. cxd4 d6 7. Bb5+ Bd7 8.
Bxd7+ Nxd7 9. O-O dxe5 10. Nxe5 Bd6 11. Re1 O-O 12. Nd2 Bb4 13. Qb3 Nxe5 14.
Rxe5 a5 15. a3 a4 16. Qh3 Bd6 17. Rh5 Nf4 18. Qh4 Nxh5 19. Qxh5 Bf4 20. Nf3
Bxc1 21. Rxc1 Rc8 22. Rd1 Qd5 23. Qg4 Rc2 24. h4 Rfc8 25. Ne5 Rc1 26. Kh2 Rxd1
27. Qxd1 Qe4 28. g3 Rc2 29. Nd3 Qe2 30. Qxe2 Rxe2 31. Kg2 Rd2 32. Nc5 b5 33. b3
axb3 34. Nxb3 Rd3 35. Nc5 Rxa3 36. Kf1 Ra2 37. Kg2 Rd2 38. Kf3 Rxd4 39. Ke3 Rd5
40. Nd3 Kf8 41. Nb4 Rd6 42. Ke4 Ke7 43. Nd3 Rxd3 44. Kxd3 Kd6 45. g4 Kc5 46. f4
b4 47. g5 Kd5 48. h5 f5 49. gxf6 gxf6 50. h6 e5 51. fxe5 fxe5 0-1

[Event "Mittelfr. EM 2026 - Hauptturnier"]
[Site "Nuernberg"]
[Date "2026.05.25"]
[Round "7.6"]
[White "Ammon, Tobias"]
[Black "Saathoff, Richard"]
[Result "1/2-1/2"]
[WhiteElo "2207"]
[BlackElo "2131"]
[PlyCount "83"]
[EventDate "2026.05.22"]
[WhiteTeam "SV Altensittenbach"]
[BlackTeam "SC Schwarz-Weiss Nuernberg Sued e.V"]

1. c4 d6 2. Nc3 Nf6 3. d4 g6 4. e4 Bg7 5. Nf3 O-O 6. Be2 e5 7. O-O Na6 8. Re1
Qe8 9. Bf1 Bg4 10. Be3 Nd7 11. d5 Nb4 12. a3 Bxf3 13. gxf3 Na6 14. b4 Qe7 15.
Rc1 f5 16. Qa4 f4 17. Bd2 Rf6 18. Bh3 Nf8 19. Qb5 Rb8 20. Qa5 Ra8 21. Qb5 Rb8
22. Na4 g5 23. Bg4 Qf7 24. c5 dxc5 25. bxc5 h5 26. Bh3 Kh8 27. c6 Ng6 28. cxb7
Nh4 29. Bg2 Rg8 30. Rc6 Nb8 31. Bc3 Rxc6 32. dxc6 g4 33. fxg4 Nxg2 34. Kxg2 f3+
35. Kh1 Qf4 36. Rg1 Bf6 37. Qc5 Rxg4 38. Qf8+ Kh7 39. Qf7+ Kh6 40. Rxg4 hxg4
41. Bd2 Qxd2 42. Qxf6+ 1/2-1/2

[Event "Mittelfr. EM 2026 - Hauptturnier"]
[Site "Nuernberg"]
[Date "2026.05.25"]
[Round "7.7"]
[White "Dachs, Simon"]
[Black "Engel, David"]
[Result "0-1"]
[WhiteElo "1707"]
[BlackElo "1859"]
[PlyCount "92"]
[EventDate "2026.05.22"]
[WhiteTeam "SC Hersbruck"]
[BlackTeam "Spvg Zabo-Eintracht Nuernberg e.V"]

1. e4 c5 2. c3 d5 3. exd5 Qxd5 4. d4 Nc6 5. Nf3 e5 6. Nxe5 Nxe5 7. dxe5 Qxe5+
8. Qe2 Bd6 9. Qxe5+ Bxe5 10. Bb5+ Bd7 11. Bxd7+ Kxd7 12. Be3 Kc6 13. Nd2 Nf6
14. O-O-O Ng4 15. Nc4 Bc7 16. h3 Nxe3 17. Nxe3 Bf4 18. Rhe1 Rhe8 19. Kc2 Bxe3
20. Rxe3 Rxe3 21. fxe3 Re8 22. Kd2 Rd8+ 23. Ke2 Rxd1 24. Kxd1 Kd5 25. b3 b5 26.
Kd2 Ke4 27. Ke2 b4 28. cxb4 cxb4 29. Kd2 f6 30. Ke2 f5 31. Kd2 f4 32. exf4 Kxf4
33. Kd3 Kg3 34. Kc4 Kxg2 35. Kxb4 Kxh3 36. Ka5 g5 37. b4 g4 38. b5 g3 39. Ka6
g2 40. Kxa7 g1=Q+ 41. b6 Qd4 42. a4 Qxa4+ 43. Kb8 Kg4 44. b7 h5 45. Kc7 Qb3 46.
b8=N h4 0-1

[Event "Mittelfr. EM 2026 - Hauptturnier"]
[Site "Nuernberg"]
[Date "2026.05.25"]
[Round "7.8"]
[White "Erlbeck, Peter"]
[Black "Mitin, Maximilian"]
[Result "1/2-1/2"]
[WhiteElo "1994"]
[BlackElo "1698"]
[PlyCount "131"]
[EventDate "2026.05.22"]
[WhiteTeam "SC Schwarz-Weiss Nuernberg Sued e.V"]
[BlackTeam "SG Buechenbach/Roth e.V."]

1. e4 e5 2. Nf3 Nc6 3. Bb5 a6 4. Bxc6 dxc6 5. O-O Bd6 6. d4 exd4 7. Qxd4 f6 8.
Nbd2 Be6 9. Nc4 Ne7 10. Be3 Bxh2+ 11. Kxh2 Qxd4 12. Bxd4 Bxc4 13. Rfe1 O-O-O
14. b3 Bf7 15. e5 Nf5 16. Bc3 fxe5 17. Rxe5 Rd5 18. Rae1 Rxe5 19. Rxe5 Kd7 20.
Ng5 Nd6 21. Re2 Rg8 22. Rd2 Bg6 23. Nf3 Kc8 24. Be5 Ne4 25. Re2 h6 26. Nd4 Bh7
27. f3 Nc3 28. Re3 Nxa2 29. Ne6 Bxc2 30. Nxg7 Nb4 31. g4 Rd8 32. Kg3 Rd3 33.
Bf4 Rxe3 34. Bxe3 Bxb3 35. Bxh6 a5 36. Bd2 c5 37. g5 a4 38. Nf5 a3 39. Bc3 a2
40. g6 Nc2 41. g7 a1=Q 42. Bxa1 Nxa1 43. Nh6 Kd8 44. Kf4 Ke7 45. Ke5 Nc2 46. f4
Nb4 47. g8=Q Bxg8 48. Nxg8+ Kf7 49. Nh6+ Kg6 50. Ng4 Nd3+ 51. Ke4 c4 52. Ne3 b5
53. f5+ Kf7 54. Kd5 Nb2 55. Kc5 c6 56. Kxc6 b4 57. Kb5 b3 58. Kb4 Nd3+ 59. Kc3
b2 60. Kc2 c3 61. Nd5 Ne1+ 62. Kb1 Nd3 63. Nxc3 Kf6 64. Na4 Kxf5 65. Nxb2 Nxb2
66. Kxb2 1/2-1/2

[Event "Mittelfr. EM 2026 - Hauptturnier"]
[Site "Nuernberg"]
[Date "2026.05.25"]
[Round "7.9"]
[White "Papst, Arthur"]
[Black "Assem Gawdat Azmy, Mostafa"]
[Result "1-0"]
[WhiteElo "1932"]
[BlackElo "1799"]
[PlyCount "107"]
[EventDate "2026.05.22"]
[WhiteTeam "SK Nuernberg 1911 e.V."]
[BlackTeam "SC Erlangen 48/88"]

1. Nf3 Nf6 2. g3 g6 3. Bg2 Bg7 4. O-O c5 5. c4 Nc6 6. Nc3 O-O 7. d4 cxd4 8.
Nxd4 e5 9. Ndb5 Ne8 10. Be3 a6 11. Na3 f5 12. Nd5 d6 13. Qd2 Be6 14. Bb6 Qd7
15. Rad1 Rc8 16. Nc2 e4 17. b4 Ne5 18. c5 Nc4 19. Qc1 Bxd5 20. Rxd5 Nxb6 21.
cxb6 Qa4 22. Rd2 Bc3 23. Ne3 Nf6 24. Rc2 Qxb4 25. Nd1 Nd5 26. f3 Bd4+ 27. Kh1
Rxc2 28. Qxc2 e3 29. f4 Qb5 30. a4 Qxb6 31. Qc4 Kg7 32. Bxd5 Qc5 33. Qb3 b5 34.
Nb2 Qc3 35. Qxc3 Bxc3 36. Rb1 b4 37. Nd3 a5 38. Kg2 Rc8 39. Rc1 Rb8 40. Kf3 Bd2
41. Rc7+ Kh8 42. Bb3 Rb6 43. h3 Ra6 44. g4 h6 45. Nb2 Bc3 46. Nc4 d5 47. Nxe3
d4 48. Nc4 fxg4+ 49. hxg4 Rf6 50. Re7 h5 51. g5 Ra6 52. Ne5 Bd2 53. Rc7 Ra8 54.
Nxg6# 1-0

[Event "Mittelfr. EM 2026 - Hauptturnier"]
[Site "Nuernberg"]
[Date "2026.05.25"]
[Round "7.10"]
[White "Vennemann, Juergen"]
[Black "Mueller, Tim"]
[Result "1/2-1/2"]
[WhiteElo "1863"]
[BlackElo "1754"]
[PlyCount "115"]
[EventDate "2026.05.22"]
[WhiteTeam "SC Hersbruck"]
[BlackTeam "SC Noris-Tarrasch Nuernberg 1873"]

1. e4 c5 2. Nc3 Nc6 3. g3 g6 4. Bg2 Bg7 5. f4 d6 6. Nf3 e6 7. O-O Nge7 8. d3
O-O 9. Ne2 Nd4 10. c3 Nxe2+ 11. Qxe2 Rb8 12. Be3 b5 13. d4 c4 14. a4 Qc7 15.
axb5 Rxb5 16. Ra4 d5 17. Rfa1 a5 18. h4 f5 19. e5 h5 20. Ng5 Bh6 21. Bf3 Bxg5
22. hxg5 Kg7 23. Kf2 Bd7 24. R4a3 Rfb8 25. R3a2 Nc6 26. Rh1 Be8 27. Ke1 Bf7 28.
Qh2 Qb7 29. Bc1 Qa6 30. g4 fxg4 31. Bxg4 Ne7 32. Qh4 Nf5 33. Bxf5 exf5 34. Qf2
Qe6 35. Qc2 Be8 36. Rh2 Ra8 37. Ra3 Rab8 38. Qb1 Rb3 39. Rxa5 Rxc3 40. Ra7+ Bf7
41. Qa1 Rg3 42. Re2 Rgb3 43. Qa5 R8b6 44. Qc5 Rc6 45. Qa5 Rcb6 46. Rc7 Rb7 47.
Qc5 Rxc7 48. Qxc7 Qb6 49. Qxb6 Rxb6 50. Re3 Rb3 51. Rxb3 cxb3 52. Be3 Be8 53.
Kd2 Bb5 54. Kc3 Bc4 55. Kb4 Kf7 56. Kc5 Ke6 57. Bf2 Bd3 58. Bg3 1/2-1/2